000 00284nam a22001217a 4500
008 171016b xxu||||| |||| 00| 0 eng d
041 _aeng
080 _a331.101.262
100 _a52
101 _aBNJ
245 _aSTRATEGIC HUMAN RESOURCE MANAGEMENT
_cFOMBRUM, CH
942 _2udc
_cBK
999 _c34264
_d34264